Регионална библиотека "Любен Каравелов" - Русе

Събиране (Запис номер 146123)

MARC детайли
000 -Лидер
Контролно поле с фиксирана дължина 01899nam a2200409 c 4500
003 - Код на организацията, давaща контролен номер
Контролно поле BLK
005 - Дата и час на последна редакция
Контролно поле 20180504153338.0
008 - Елементи от данни с фиксирана дължина
fixed length control field 180410b bul|||||r ||||||| ||bul||
010 ## - Наследен системен номер
LC control number KNG00152309000
020 ## - Международен стандартен номер на книга ISBN
Международен стандартен номер на книга ISBN 978-954-27-0691-5
-- издат.: Егмонт България
040 ## - Източник на каталожния запис
Идентификатор на билиотеката - собственик на записа BLK
041 ## - Код за език
Код за езика на текст/звукозапис или на отделно заглавие Български
Код за езика КДБФ Български
072 #7 - Код за тематичната категория
Код организация bullib
Код за тематична категория Н86
Текст Детска отраслова литература Н
080 ## - УДК
Текстов определител УДК Основи на математиката в основното образование
УДК код - определител по УДК 372.47
УДК определител (02.053.2)
УДК - код + определител 372.47(02.053.2)
080 ## - УДК
Текстов определител УДК Издания за деца и юноши. Книжки-картинки. Читанки. Вж и 372.4
УДК код - определител по УДК 087.5
УДК определител
УДК - код + определител 087.5
139 ## - Редно поле
Редна дума Събиране
Авторски знак Съ - С 96
245 10 - Сведения за заглавието
Заглавие Събиране
Подзаглавни данни История с колите ; Скоростно събиране ; Пъзел с числа
Редно поле (дума) прев. Антоанета Иванова.
257 ## - Страна на издаване
Страна на създаване/издаване Съединени американски щати
260 ## - Област на издателските данни
-- София
Име на издателя, разпространителя и проч. Егмонт България
Година на издаване 2012
Печатница София : Ропринт
300 ## - Физическа характеристика
Страници 79 с.
Илюстрации и др. с цв. ил., 2 л. цв. лепенки
Размери/Мащаб 30 см
380 ## - Жанр
Жанр Детска отраслова лит.
490 1# - СЕРИИ (Колекции)
Име на серия Disney Любознание
490 1# - СЕРИИ (Колекции)
-- Подсерия
Име на серия Вече знам : 6-7 години. Математика
500 ## - Общи забележки
Забележка Изд. на Disney. - Ориг. загл. Let's Learn Addition.
650 #4 - Допълнително описание по предмет – тема
Основно описание – тема или топоним Математика - в началното училище - учебни помагала
9 (RLIN) 269849
653 ## - Ключова дума – ненормативна
Ключова дума математика
653 ## - Ключова дума – ненормативна
Ключова дума книги-игри
653 ## - Ключова дума – ненормативна
Ключова дума литература за деца
653 ## - Ключова дума – ненормативна
Ключова дума детска литература
659 ## - Тематичен бюлетин
Тематичен бюлетин Н
700 1# - Други автори (авторска отговорност)
Лично име Иванова, Антоанета
Автороска отговорност (Описва отношението между автора и произведението) прев.
9 (RLIN) 371796
852 ## - Местоположение
Форматна сигнатура Цб ІІ 19506
856 4# - Електронен адрес и достъп
Електронен формат pdf - файл
Път до файла /url/
856 4# - Електронен адрес и достъп
Електронен формат pdf - файл
Път до файла /url/
942 ## - АРТИКУЛИ
Вид на библиотечния материал Книги
Скрит в OPAC Не
Koha issues (borrowed), all copies 2
944 ## - СЪЗДАВАНЕ И РЕДАКЦИЯ на ЗАПИСА
Създаване/Редакция Създаване
Дата на регистрацията/редакция 23.10.2013
Статус, дата на статуса ф /
Служител, извършил регистрацията/редакцията Геновева_Генчева
944 ## - СЪЗДАВАНЕ И РЕДАКЦИЯ на ЗАПИСА
Създаване/Редакция Редакция
Дата на регистрацията/редакция 29.02.2016
Статус, дата на статуса ф /
Служител, извършил регистрацията/редакцията Людмила_Стоянова
999 ## - СИСТЕМНИ КОНТРОЛНИ НОМЕРА
Koha biblionumber 146123
Koha biblioitemnumber 146123
Наличности
Код за отписване Код за изгубен артикул Код за повреда Коз за рестрикции Код за отдаване Артикулен № Име на библиотеката - собственик Име на библиотеката, в която се намира в момента Статус (Текущо местоположение) Дата на вписване в системата Местоположение - отдел Цена в лева Инвентарен номер Систематично азбучна сигнатура Баркод Номер на екземпляра Цена в евро Служебна бележка Служебен тип на артикула Източник на класификационната схема
  Не е изгубен Не е повреден без рестрикции ползва се в читалня 242690 Регионална библиотека "Любен Каравелов" Русе Регионална библиотека "Любен Каравелов" Русе Хранилище 2013-10-24 Хранилище 8.00 120000771086 Цб ІІ 19506 120000771086 1 4.09 Дост: Dp Вид: Д N: 39 Дата: 24.09.2012 Книги  
Изтеглен Не е изгубен Не е повреден без рестрикции заемане за дома 242691 Регионална библиотека "Любен Каравелов" Русе Регионална библиотека "Любен Каравелов" Русе Детски отдел 2016-02-23 Детски отдел 8.00 120000798216 ДН 372.47/С 96 120000798216 2 4.09 Дост: DA Вид: А N: 6 Дата: 23.02.2016 Книги Universal Decimal Classification
Vip Innovations Ltd, Rousse, Bulgaria 2025